000 00450nam a2200157 i 4500
001 71583
003 ES-MaACL
005 20230906171153.0
007 t|
008 040813s1973 sp ||||1| spa d
245 0 0 _aGeographica de España /
_c[autores, Eduardo Arce..(et al.)].
260 _a[Barcelona] :
_bPlaza y Janés,
_c[1973]
300 _a191 p. :
_bil. ;
_c25 cm.
700 1 _aArce, Eduardo.
_922448
852 _aES-MaACL
_jC-52307
_bR.85890
999 _c71583
_d71583